Responses for show #8275 - Friday, November 6, 2020

Last show aired before Alex Trebek's death at age 80 from pancreatic cancer.

Contestants

[<< previous game]

Steven Jones, a 7th grade history teacher originally from Portland, Oregon

Andrew Chaikin, a musician and teacher from San Francisco, California

Burt Thakur, a project engineer from Palm Springs, California (whose 1-day cash winnings total $20,400)

[next game >>]

Jeopardy! Round responses

DID YOU KNOW?
PROSE BY BROS
FOXES
LET ME GIVE YOU A HAND
ONE-WORD SONG TITLES
"A_D" VERBS
(Alex: Each correct response will begin with the letter "A" and end with a "D".)
    $200 19
X

Andrew
    $200 10
the Brothers Grimm

Andrew
    $200 30
canine

Steven
    $200 29
hell

Steven
    $200 12
"Umbrella"

Steven
    $200 13
abbreviated

Triple Stumper
    $400 23
a sloth

Burt :)
    $400 15
[ERRATUM: "The President's Plane is Missing" is by Robert Serling, not Richard.]

Serling

Andrew
    $400 27
a den

Burt :)
    $400 28
a handoff

Andrew
    $400 11
"Royals"

Andrew
    $400 14
abducted

Andrew
    $600 22
Pepsi

Andrew
    $600 18
the Duffer Brothers

Steven
    $600 26
(Alex: Less than a minute.)

the tail

Burt :)
    $600 8
firsthand

Burt :)
    $600 3
"Vogue"

Steven
    $600 1
averted

Andrew
    $800 21
duffel

Andrew
    $800 17
James

Andrew
    $800 24
the red fox

Burt :)
    $800 7
horseshoes

Steven
    $800 4
"Chandelier"

Burt :)
    $800 2
abetted

Andrew
    $1000 20
Liechtenstein

Triple Stumper
    $1000 16
McCourt

Steven
    $1000 25
the Sahara

Burt :)
    $1000 9
a four-in-hand

Triple Stumper
    $1,000 6
"Roar"

Burt :)
    $1000 5
accompanied

Triple Stumper

Scores at the first commercial break (after clue 15):

Burt :) Andrew Steven
$2,400 $2,800 $1,600

Scores at the end of the Jeopardy! Round:

Burt :) Andrew Steven
$5,600 $5,600 $3,600

Double Jeopardy! Round responses

U.S. HISTORY
WHAT'S THE GOSSIP?
20th CENTURY ENGLISH
THEY DID IT
GO WEST
YOUNG MAN OR WOMAN
    $400 8
a strike

Andrew
    $400 25
the Enquirer

Andrew
    $400 10
a stink eye

Steven
    $400 21
(Angela) Merkel

Andrew
    $400 11
Prague

Andrew
    $400 16
Young Sherlock Holmes

Burt :)
    $800 6
(Steven: Who is Coolidge?)
(Burt: Who is Woodrow Wilson?)
...
(Alex: They narrowed it down for you.)

Harding

Burt :)AndrewSteven
    $800 24
Los Angeles

Andrew
    $800 9
Friday

Steven
    $800 19
Nightingale

Andrew
    $800 26
(Alex: You're going to disappoint me on Canadian geography?)

Quebec

Triple Stumper
    $800 15
Lincoln

Andrew
    $1200 1
Cuba

Andrew
    $1200 22
a scuttlebutt

Burt :)
    $1200 3
capisce

Burt :)
    $1200 18
Hewlett

Andrew
    $1200 27
Basque

Burt :)
    $1200 12
Indiana Jones

Andrew
    $3,000 4
the Whiskey Rebellion

Burt :)
    $1600 5
Page Six

Steven
    $1600 2
an earworm

Steven
    $1600 17
(Louis) Daguerre

Andrew
    $1,000 29
Lesotho

Andrew
    $1600 13
Jude Law

Steven
    $2000 28
the Alaska Pipeline

Andrew
    $2000 23
Hedda Hopper

Andrew
    $2000 7
telegenic

Steven
    $2000 20
(Larry) Kramer

Andrew
    $2000 30
the Cook Strait

Triple Stumper
    $2000 14
(Burt: Who is Gene... uh...)

Gene Wilder

Burt :)Andrew

Scores at the end of the Double Jeopardy! Round:

Burt :) Andrew Steven
$9,800 $24,600 $10,800
(lock game)

[wagering suggestions for these scores]

Final Jeopardy! Round responses

FAIRY TALE CHARACTERS
(Alex: The French word for "thumb" is pouce.)
Burt :)Who is the little duck
$9,800
StevenWho is Puss in Boots? The Little P
$9,000
AndrewWho is The Little Mermaid
$2,999
Thumbelina

Final scores:

Burt :) Andrew Steven
$0 $21,601 $1,800
3rd place: $1,000 New champion: $21,601 2nd place: $2,000

Game dynamics:

Coryat scores:

Burt :) Andrew Steven
$8,400 $25,200 $10,800
13 R
(including 2 DDs),
2 W
28 R
(including 1 DD),
0 W
13 R,
1 W

Combined Coryat: $44,400

The J! Archive is created by fans, for fans. The Jeopardy! game show and all elements thereof, including but not limited to copyright and trademark thereto, are the property of Jeopardy Productions, Inc. and are protected under law. This website is not affiliated with, sponsored by, or operated by Jeopardy Productions, Inc. Join the discussion at JBoard.tv.